| 000 | 00503nam a2200193Ia 4500 | ||
|---|---|---|---|
| 003 | OSt | ||
| 005 | 20231012145136.0 | ||
| 008 | 230312s9999||||xx |||||||||||||| ||und|| | ||
| 020 | _a978-8174091297 | ||
| 040 |
_dabc _eabc |
||
| 082 |
_a621.38 _bMAI-M |
||
| 100 | _aMainil,A.K | ||
| 245 | 0 | _aMicrowaves and Radar : Principles and Applications | |
| 260 |
_bKhanna Publisher _aIndia _c2011 |
||
| 300 | _a726 | ||
| 500 | _aIndex given. | ||
| 650 |
_aEngineering _vElectrical/Technology |
||
| 942 |
_cBK _2ddc |
||
| 999 |
_c14176 _d14176 |
||